| 000 | 00336nam a2200133Ia 4500 | ||
|---|---|---|---|
| 005 | 20251222153618.0 | ||
| 008 | 251222s9999||||xx |||||||||||||| ||spa|| | ||
| 082 | _a320.985/F43 | ||
| 100 | _aFerrero C., Raúl | ||
| 245 | 0 | _aLa Transición en Marcha | |
| 250 | _a1ra. ed. | ||
| 264 | _bEditora Jurídica Grijley E.I.R.L. | ||
| 942 | _cLIB | ||
| 999 |
_c31863 _d31863 |
||